000
00331 a2200157 4500
001
178578
020
_a
040
_c
Magnum
100
_a
Piciornik,celso Mauro
240
1
0
_a
A piramide
_l
por
245
1
0
_a
A piramide
362
0
_a
1899
440
1
_a
Melhoramentos
697
_a
MAGNITO: HISTORIA ANTIGA MEDIE
942
_c
BK
999
_c
178578
_d
178578